| 000 | 01131nam0a2200313 4500 | ||
|---|---|---|---|
| 001 | RU\NLR\ONL2\20366 | ||
| 005 | 20250613132030.0 | ||
| 010 |
_a978-5-298-01899-9 _91000 |
||
| 035 | _a(NLR Aleph) 009667950 | ||
| 090 |
_a9646703 _c9646703 |
||
| 100 | _a20110420d2011 |||y0rusy50 ca | ||
| 101 | 0 | _atat | |
| 102 | _aRU | ||
| 105 | _ac ||||||||| | ||
| 200 | 1 |
_aЯрату ява _eшигырьлэр, балладалар, поэма _fГосман Садэ |
|
| 210 |
_aКазан _cТатар. кит. нэшр. _d2011 |
||
| 215 |
_a254,[1] б. _cпортр. _d17 |
||
| 300 | _aВ вып. дан. авт.: Садэ Гусман (Зайнетдинов Гусман Мухтасарович). | ||
| 541 | 1 |
_6z01790 _aЛьется любовь _e[стихи, баллады, поэма]. _zrus |
|
| 686 | 1 | _aШ6(2=Тат)7-5 | |
| 700 | 1 |
_aСадэ _bГ. _f1949- _gГосман _4070 |
|
| 790 | 1 |
_6z01541 _aСадэ _bГ. _gГусман _4070 |
|
| 801 | 0 |
_aRU _bNLR _c20110420 _gPSBO |
|
| 852 |
_aNLR _bОНЛ _jТатар./2-12382 |
||
| 942 | _cBOOK | ||
| 980 | _aNB | ||
| 980 | _aONL_RF | ||